Spomienky Jaroslava Vrzalu na tému: Keď sme začínali-"

Bibliographic Details
Main Author: Vrzala, Jaroslav, 1927-1992 (Author)
Format: Article
Language:Slovak
PhysicalDescription:Obr.
Subjects:

MARC

LEADER 00000nab a2200000 a 4500
001 vtls010071994
003 SK-MaSNL
005 20260304155121.0
008 250507 1974 xo | 000 0 slo
015 |a SNBRB1974 
035 |a (uuid)7699a647-8a7c-402b-8e54-4afd044c4576 
035 |a urn:nbn:sk:snk-ab1ss9 
035 |a (urnnbn)urn:nbn:sk:snk:ar-a00ltz 
040 |a SNKBUCL  |b slo  |c SNKBUCL  |e AACR2 
041 0 |a slo 
044 |a xo  |c SK 
080 |a 792.071.2  |2 2001 
080 |a 929 Vrzala, Jaroslav  |2 2001 
245 0 0 |a Spomienky Jaroslava Vrzalu na tému: Keď sme začínali-"  |c Štefan Dubeň, Jaroslav Vrzala 
300 |b Obr. 
600 1 7 |a Vrzala, Jaroslav,  |d 1927-1992  |2 snkbucl  |9 93611 
655 7 |a rozhovory  |2 snkbucl  |9 31831 
700 1 |a Vrzala, Jaroslav,  |d 1927-1992  |4 aut  |9 93611 
773 0 |t Javisko  |g Roč. 6, č. 10 (1974), s. 307-309 
850 |a Slovenská národná knižnica 
852 |a Slovenská národná knižnica 
954 |a odborná, vedecká literatúra pôvodná (slovenská)  |2 lita 
958 |a article27 
958 |a OND 
958 |a BX 
958 |a EUIPO 
999 |c 2960880  |d 2962810